| 000 | 01235cam a2200337 i 4500 | ||
|---|---|---|---|
| 001 | 1179092 | ||
| 003 | EG-ScBUE | ||
| 005 | 20250716091034.0 | ||
| 008 | 970109s1997 flua f b 001 0 eng d | ||
| 020 | _a0824793978 (hardcover : alk. paper) | ||
| 020 | _a9780824793975 | ||
| 020 | _a0824793978 | ||
| 040 |
_aDLC _beng _erda _cDLC _dDLC _dEG-ScBUE |
||
| 082 | 0 | 4 |
_a541.345 _222 _bHIE |
| 100 | 1 |
_aHiemenz, Paul C., _d1936- _eauthor. _938699 |
|
| 245 | 1 | 0 |
_aPrinciples of colloid and surface chemistry / _cPaul C. Hiemenz, California State Polytechnic University, Pomona, California, Raj Rajagopalan, University of Florida, Gainesville, Florida. |
| 250 |
_aThird edition, _brevised and expanded. |
||
| 264 | 1 |
_aBoca Raton : _bCRC / Taylor & Francis Group, _c1997. |
|
| 300 |
_axix, 650 pages : _billustrations ; _c26 cm |
||
| 336 |
_2rdacontent _atext _btxt |
||
| 337 |
_aunmediated _2rdamedia _bn |
||
| 338 |
_avolume _bnc _2rdacarrier |
||
| 504 | _aIncludes bibliographical references and index. | ||
| 650 | 7 |
_aColloids. _2BUEsh _97422 |
|
| 650 | 7 |
_aSurface chemistry. _2BUEsh |
|
| 651 | _2BUEsh | ||
| 653 |
_bENGGEN _cDecember2015 |
||
| 655 |
_vReading book _934232 |
||
| 700 | 1 |
_aRajagopalan, Raj, _eauthor. |
|
| 942 |
_2ddc _cBB |
||
| 999 |
_c21101 _d21073 |
||